<?xml version="1.0" encoding="UTF-8"?>
<record
    xmlns:xsi="http://www.w3.org/2001/XMLSchema-instance"
    xsi:schemaLocation="http://www.loc.gov/MARC21/slim http://www.loc.gov/standards/marcxml/schema/MARC21slim.xsd"
    xmlns="http://www.loc.gov/MARC21/slim">

  <leader>03124nam a2200397   4500</leader>
  <datafield tag="952" ind1=" " ind2=" ">
    <subfield code="0">0</subfield>
    <subfield code="1">0</subfield>
    <subfield code="4">0</subfield>
    <subfield code="7">0</subfield>
    <subfield code="a">03</subfield>
    <subfield code="b">03</subfield>
    <subfield code="d">2016-10-06</subfield>
    <subfield code="l">4</subfield>
    <subfield code="o">HA29  L5518 2015</subfield>
    <subfield code="p">03 009149</subfield>
    <subfield code="r">2019-02-11</subfield>
    <subfield code="s">2019-02-09</subfield>
    <subfield code="t">1</subfield>
    <subfield code="w">2016-10-06</subfield>
    <subfield code="y">LB</subfield>
  </datafield>
  <datafield tag="952" ind1=" " ind2=" ">
    <subfield code="0">0</subfield>
    <subfield code="1">0</subfield>
    <subfield code="4">0</subfield>
    <subfield code="7">0</subfield>
    <subfield code="a">08</subfield>
    <subfield code="b">08</subfield>
    <subfield code="d">2016-08-26</subfield>
    <subfield code="l">1</subfield>
    <subfield code="m">1</subfield>
    <subfield code="o">HA29  L5518 2015</subfield>
    <subfield code="p">08 006009</subfield>
    <subfield code="r">2016-12-08</subfield>
    <subfield code="s">2016-11-09</subfield>
    <subfield code="t">1</subfield>
    <subfield code="w">2016-10-28</subfield>
    <subfield code="y">LB</subfield>
  </datafield>
  <datafield tag="952" ind1=" " ind2=" ">
    <subfield code="0">0</subfield>
    <subfield code="1">0</subfield>
    <subfield code="4">0</subfield>
    <subfield code="7">0</subfield>
    <subfield code="a">08</subfield>
    <subfield code="b">08</subfield>
    <subfield code="d">2016-08-26</subfield>
    <subfield code="l">1</subfield>
    <subfield code="o">HA29 L5518 2015</subfield>
    <subfield code="p">08 006010</subfield>
    <subfield code="r">2020-03-02</subfield>
    <subfield code="s">2020-03-02</subfield>
    <subfield code="t">2</subfield>
    <subfield code="w">2016-10-28</subfield>
    <subfield code="y">LB</subfield>
  </datafield>
  <datafield tag="952" ind1=" " ind2=" ">
    <subfield code="0">0</subfield>
    <subfield code="1">0</subfield>
    <subfield code="4">0</subfield>
    <subfield code="7">0</subfield>
    <subfield code="a">09</subfield>
    <subfield code="b">09</subfield>
    <subfield code="d">2017-05-05</subfield>
    <subfield code="l">0</subfield>
    <subfield code="o">HA29  L5518 2015</subfield>
    <subfield code="p">09 004590</subfield>
    <subfield code="r">2017-05-05</subfield>
    <subfield code="t">1</subfield>
    <subfield code="w">2017-05-05</subfield>
    <subfield code="y">LB</subfield>
  </datafield>
  <datafield tag="952" ind1=" " ind2=" ">
    <subfield code="0">0</subfield>
    <subfield code="1">0</subfield>
    <subfield code="4">0</subfield>
    <subfield code="7">0</subfield>
    <subfield code="a">07</subfield>
    <subfield code="b">07</subfield>
    <subfield code="d">2017-11-29</subfield>
    <subfield code="l">0</subfield>
    <subfield code="o">HA29  L5518 2015</subfield>
    <subfield code="p">07 006348</subfield>
    <subfield code="r">2024-06-17</subfield>
    <subfield code="t">1</subfield>
    <subfield code="w">2017-11-29</subfield>
    <subfield code="y">LB</subfield>
  </datafield>
  <datafield tag="952" ind1=" " ind2=" ">
    <subfield code="0">0</subfield>
    <subfield code="1">0</subfield>
    <subfield code="4">0</subfield>
    <subfield code="7">0</subfield>
    <subfield code="a">03</subfield>
    <subfield code="b">03</subfield>
    <subfield code="d">2017-12-14</subfield>
    <subfield code="l">0</subfield>
    <subfield code="o">HA29  L5518 2015</subfield>
    <subfield code="p">03 009770</subfield>
    <subfield code="r">2017-12-14</subfield>
    <subfield code="t">2</subfield>
    <subfield code="w">2017-12-14</subfield>
    <subfield code="y">LB</subfield>
  </datafield>
  <datafield tag="952" ind1=" " ind2=" ">
    <subfield code="0">0</subfield>
    <subfield code="1">0</subfield>
    <subfield code="4">0</subfield>
    <subfield code="7">0</subfield>
    <subfield code="a">09</subfield>
    <subfield code="b">09</subfield>
    <subfield code="d">2018-10-10</subfield>
    <subfield code="l">0</subfield>
    <subfield code="o">HA29 L5518 2015</subfield>
    <subfield code="p">09 005046</subfield>
    <subfield code="r">2018-10-10</subfield>
    <subfield code="t">2</subfield>
    <subfield code="w">2018-10-10</subfield>
    <subfield code="y">LB</subfield>
  </datafield>
  <datafield tag="952" ind1=" " ind2=" ">
    <subfield code="0">0</subfield>
    <subfield code="1">0</subfield>
    <subfield code="4">0</subfield>
    <subfield code="7">0</subfield>
    <subfield code="a">07</subfield>
    <subfield code="b">07</subfield>
    <subfield code="d">2018-10-30</subfield>
    <subfield code="l">2</subfield>
    <subfield code="o">HA29 L5518 2015</subfield>
    <subfield code="p">07 006552</subfield>
    <subfield code="r">2024-09-25</subfield>
    <subfield code="s">2024-07-03</subfield>
    <subfield code="t">1</subfield>
    <subfield code="w">2018-10-30</subfield>
    <subfield code="y">LB</subfield>
  </datafield>
  <datafield tag="952" ind1=" " ind2=" ">
    <subfield code="0">0</subfield>
    <subfield code="1">0</subfield>
    <subfield code="4">0</subfield>
    <subfield code="7">0</subfield>
    <subfield code="a">22</subfield>
    <subfield code="b">22</subfield>
    <subfield code="d">2018-11-13</subfield>
    <subfield code="l">1</subfield>
    <subfield code="o">HA29 L5518 2015</subfield>
    <subfield code="p">06 004163</subfield>
    <subfield code="r">2020-01-09</subfield>
    <subfield code="s">2020-01-09</subfield>
    <subfield code="t">1</subfield>
    <subfield code="w">2018-11-13</subfield>
    <subfield code="y">LB</subfield>
  </datafield>
  <datafield tag="952" ind1=" " ind2=" ">
    <subfield code="0">0</subfield>
    <subfield code="1">0</subfield>
    <subfield code="4">0</subfield>
    <subfield code="7">0</subfield>
    <subfield code="a">01</subfield>
    <subfield code="b">01</subfield>
    <subfield code="d">2019-01-21</subfield>
    <subfield code="l">1</subfield>
    <subfield code="o">519.5 L64e 2015</subfield>
    <subfield code="p">01 014789</subfield>
    <subfield code="r">2024-10-14</subfield>
    <subfield code="s">2024-09-21</subfield>
    <subfield code="t">1</subfield>
    <subfield code="w">2019-01-21</subfield>
    <subfield code="y">LB</subfield>
  </datafield>
  <datafield tag="999" ind1=" " ind2=" ">
    <subfield code="c">101090</subfield>
    <subfield code="d">101090</subfield>
  </datafield>
  <controlfield tag="008">161006t20082015cc ad||| |||| 00| 0 spa d</controlfield>
  <datafield tag="020" ind1=" " ind2=" ">
    <subfield code="a">9786071513038</subfield>
  </datafield>
  <datafield tag="050" ind1="0" ind2="4">
    <subfield code="a">HA29 </subfield>
    <subfield code="b">L5518 2015</subfield>
  </datafield>
  <datafield tag="082" ind1=" " ind2=" ">
    <subfield code="a">519.5</subfield>
    <subfield code="b">L64e 2015</subfield>
  </datafield>
  <datafield tag="100" ind1="1" ind2=" ">
    <subfield code="a">Lind, Douglas A.</subfield>
    <subfield code="e">autor</subfield>
  </datafield>
  <datafield tag="240" ind1="1" ind2="0">
    <subfield code="a">Statical Techniques in Business &amp; Economics</subfield>
    <subfield code="l">espa&#xF1;ol</subfield>
  </datafield>
  <datafield tag="245" ind1="1" ind2="0">
    <subfield code="a">Estad&#xED;stica aplicada a los negocios y la econom&#xED;a</subfield>
    <subfield code="b"> </subfield>
    <subfield code="c"> / Douglas A. Lind, William G. Marchal, Samuel A. Wathen ; traducci&#xF3;n Ricardo Mart&#xED;n Ruiz, Mar&#xED;a del Pilar Carril Villarreal, Mar&#xED;a del Pilar Ob&#xF3;n Le&#xF3;n y Javier Le&#xF3;n C&#xE1;rdenas</subfield>
  </datafield>
  <datafield tag="250" ind1=" " ind2=" ">
    <subfield code="a">16a edici&#xF3;n</subfield>
  </datafield>
  <datafield tag="260" ind1=" " ind2=" ">
    <subfield code="a">M&#xE9;xico</subfield>
    <subfield code="b"> : Pearson</subfield>
    <subfield code="c">, 2015</subfield>
  </datafield>
  <datafield tag="300" ind1=" " ind2=" ">
    <subfield code="a">xxiv, 733 p&#xE1;ginas</subfield>
    <subfield code="b"> : ilustraciones, gr&#xE1;ficas</subfield>
  </datafield>
  <datafield tag="500" ind1=" " ind2=" ">
    <subfield code="a">Incluye: ap&#xE9;ndices (pp.633-720) ; glosario (pp.721-725) ; &#xED;ndice anal&#xED;tico (pp.727-733)</subfield>
  </datafield>
  <datafield tag="505" ind1=" " ind2=" ">
    <subfield code="a">&#xBF;Qu&#xE9; es la estad&#xED;stica?
Descripci&#xF3;n de datos: tablas de frecuencias, distribuciones de frecuencias y su representaci&#xF3;n gr&#xE1;fica
Descripci&#xF3;n de datos: medidas num&#xE9;ricas
Descripci&#xF3;n de datos: presenaci&#xF3;n y an&#xE1;lisis
Estudio de los conceptos de la probabilidad
Distribuciones dicretas de probabilidad
Distribuciones de probabilidad continua
M&#xE9;todos de muestreo y teorema del limite central
Estimaci&#xF3;n e intervalos de confianza
Pruebas de hip&#xF3;tesis de una muestra
Pruebas de hip&#xF3;tesisi de dos muestras
An&#xE1;lisis de la varianza
Regresi&#xF3;n lineal y correlaci&#xF3;n
An&#xE1;lisis de regresi&#xF3;n m&#xFA;tiple
M&#xE9;todos no param&#xE9;tricos: pruebas de nivel nominal
M&#xE9;todos no param&#xE9;tricos: an&#xE1;lisis de datos ordinales
N&#xFA;meros &#xED;ndices
Series de tiempo y proyecci&#xF3;n 
Control estad&#xED;stico del proceso y administraci&#xF3;n de calidad
Introducci&#xF3;n a la teor&#xED;a de decisiones </subfield>
  </datafield>
  <datafield tag="519" ind1=" " ind2=" ">
    <subfield code="a">Plan Flexible / </subfield>
    <subfield code="b">Mercadotecnia Digital / </subfield>
    <subfield code="c">Estad&#xED;stica Descriptiva (M05-1) / </subfield>
    <subfield code="d">(03 009770)</subfield>
  </datafield>
  <datafield tag="519" ind1=" " ind2=" ">
    <subfield code="a">Plan Flexible / </subfield>
    <subfield code="b">Administraci&#xF3;n / </subfield>
    <subfield code="c">Estad&#xED;stica Inferencial (M07-2) / </subfield>
    <subfield code="d">(03 009149)</subfield>
  </datafield>
  <datafield tag="519" ind1=" " ind2=" ">
    <subfield code="a">Plan Flexible / </subfield>
    <subfield code="b">Mercadotecnia / </subfield>
    <subfield code="c">Estad&#xED;stica Inferencial (M07-2) / </subfield>
    <subfield code="d">(08 006009)</subfield>
  </datafield>
  <datafield tag="519" ind1=" " ind2=" ">
    <subfield code="a">Plan Flexible / </subfield>
    <subfield code="b">Mercadotecnia / </subfield>
    <subfield code="c">Estad&#xED;stica Inferencial (M07-1) / </subfield>
    <subfield code="d">(08 006010)</subfield>
  </datafield>
  <datafield tag="519" ind1=" " ind2=" ">
    <subfield code="a">Plan Flexible / </subfield>
    <subfield code="b">Mercadotecnia Digital / </subfield>
    <subfield code="c">Estad&#xED;stica Inferencial (M07-2) / </subfield>
    <subfield code="d">(07 006348, 07 006552)</subfield>
  </datafield>
  <datafield tag="519" ind1=" " ind2=" ">
    <subfield code="a">Materia Complementario /</subfield>
    <subfield code="b">Negocios Internacionales /</subfield>
    <subfield code="d">(09 005046)</subfield>
  </datafield>
  <datafield tag="519" ind1=" " ind2=" ">
    <subfield code="a">Materia Complementario /</subfield>
    <subfield code="b">Negocios Internacionales /</subfield>
    <subfield code="d">(06 004163)</subfield>
  </datafield>
  <datafield tag="519" ind1=" " ind2=" ">
    <subfield code="a">Material Complementario /</subfield>
    <subfield code="b">Negocios Internacionales /</subfield>
    <subfield code="d">(01 014788)</subfield>
  </datafield>
  <datafield tag="650" ind1="1" ind2="4">
    <subfield code="a">ESTAD&#xCD;STICA COMERCIAL</subfield>
  </datafield>
  <datafield tag="650" ind1="2" ind2="4">
    <subfield code="a">ECONOM&#xCD;A</subfield>
    <subfield code="x">M&#xC9;TODOS ESTAD&#xCD;STICOS</subfield>
  </datafield>
  <datafield tag="700" ind1="1" ind2=" ">
    <subfield code="a">Marchal, William G.</subfield>
    <subfield code="e">autor</subfield>
  </datafield>
  <datafield tag="700" ind1="1" ind2=" ">
    <subfield code="a">Wathen, Samuel, A.</subfield>
    <subfield code="e">autor</subfield>
  </datafield>
  <datafield tag="700" ind1="1" ind2=" ">
    <subfield code="a">Rubio Ruiz, Ricardo Mart&#xED;</subfield>
    <subfield code="e">traductor</subfield>
  </datafield>
  <datafield tag="700" ind1=" " ind2=" ">
    <subfield code="a">Carril Villarreal, Mar&#xED;a del Pilar</subfield>
    <subfield code="e">traductora</subfield>
  </datafield>
  <datafield tag="942" ind1=" " ind2=" ">
    <subfield code="c">LB</subfield>
  </datafield>
</record>
